000 00602nam a2200193Ia 4500
005 20250326130844.0
008 250326s9999 xx 000 0 und d
037 _aTextbook
040 _aFMSL
_beng
_cFMSL
041 _aeng
_2eng
084 _aX:891 P3
_qFMSL
100 _aGreuning H V
_9741582
245 0 _aAnalyzing and managing banking risk: framework for assessing corporate goverce and ficial risk
_cGreuning H V; Bratanovic S B
250 _a2
260 _aWashington
_bWashington, World Bank
_c2003
300 _a367p
942 _cTB
_hX:891 P3
999 _c1284405
_d1284405